Modern french

שמור ב:
מידע ביבליוגרפי
מחבר ראשי: Desberg, Dan
פורמט: ספר
שפה:Undetermined
יצא לאור: New York, Estados Unidos Harcourt Brace and Worl 1964
נושאים:
תגים: הוספת תג
אין תגיות, היה/י הראשונ/ה לתייג את הרשומה!

MARC

LEADER 00000nam a2200000Ia 4500
008 170316s9999 xx 000 0 und d
090 |a 415-F D-1m 
100 |a Desberg, Dan 
245 |a Modern french 
260 |a New York, Estados Unidos 
260 |b Harcourt Brace and Worl 
260 |c 1964 
300 |a 360 páginas 
650 |a GRAMÁTICA FRANCESA 
999 |c 19166  |d 19166 
040 |a cru BVZT 
942 |c 15 D  |h 415-F D-1m  |2 z